000 00299nam a2200109Ia 4500
008 200302s9999 xx 000 0 und d
100 _aKenneth F.Endean
245 _aInvestigating Rainwater Penetration Of Modern Buildings(Ukp 70)
260 _bGower Publishing Ltd.,
260 _c1995
300 _a208
999 _c4729
_d4729